000 00892nas a2200289 4500
001 BR9406506
003 BR-BrBNA
005 20231205093758.0
007 ta
008 230509b bl.|||p| |||| 00| 00por d
040 _aBR-BrBNA
_bpor
_cBiblioteca Nacional de Agricultura
041 _a(Pt)
072 _aF01
100 1 _aDestro, D.
100 1 _aArias, E.R.A.
100 1 _aMiglioranza, E.
100 1 _aToledo, J.F.F. de
100 1 _aPaludzyszyn Filho, E.
245 1 _aEstadios de desenvolvimento do girassol para aplicacao de fitohormonios causadores de macho-esterilidade
650 _aGirassol
650 _aAcido Giberelico
650 _aHormonio Vegetal
650 _aInducao
773 0 _tPesquisa Agropecuaria Brasileira (Brazil)
_xISSN 0100-204X
_g(May 1993), v. 28(5) p. 593-596
_wBR9406506
909 _a202311
_bLúcia
_c55
_dLúcia Elande
942 _2AGRIS
_n0
_cANA
999 _c140354
_d140354